| 000 | 01705nam a22002657a 4500 | ||
|---|---|---|---|
| 005 | 20100727105330.0 | ||
| 010 | _aB-452434-438 | ||
| 020 |
_a9788125038443 _c895.00 |
||
| 035 | _aB-452434-438 | ||
| 037 | _bBPPD/Virtuous Pub/Ven | ||
| 082 | _a909.82 | ||
| 100 |
_aCooke,Stephanie _942096 |
||
| 245 |
_aIn mortal hands : _bA cautionary history of the nuclear age / _cby Stephanie Cooke |
||
| 260 |
_aHyderabad _bOrient blackswan publisher _c2010 |
||
| 270 |
_a3-6-752, Himayatnagar _e500029 _bHyderabad |
||
| 300 |
_axv, 487 p. _c24 cm. (Hb) |
||
| 500 | _ainculdes bibliographical references and index | ||
| 942 |
_2ddc _cEN _mCOO _h909.82 |
||
| 999 |
_c62092 _d62092 |
||